Κατάλογος Βιβλιοθηκών Mediterranean College

Το Μέλλον του Ανταγωνισμού / Συν-Δημιουργία Μοναδικής Αξίας με τους Πελάτες (Record no. 3029)

MARC details
000 -LEADER
fixed length control field 01688cam a22002174a 4500
005 - ΗΜΕΡΟΜΗΝΙΑ ΚΑΙ ΩΡΑ ΤΕΛΕΥΤΑΙΑΣ ΕΝΗΜΕΡΩΣΗΣ
Πεδίο ελέγχου 20250605164103.0
008 - FIXED-LENGTH DATA ELEMENTS--GENERAL INFORMATION
Πεδίο ελέγχου σταθερού μήκους 250528s ||||||||||||||||||||||||d
035 ## - SYSTEM CONTROL NUMBER
System control number 17626
020 ## - ISBN
ISBN 9789604610143
040 ## - ΠΗΓΗ ΚΑΤΑΛΟΓΟΓΡΑΦΗΣΗΣ
Φορέας πρωτότυπης καταλογογράφησης MC Athens Campus Library
Γλώσσα καταλογογράφησης Ελληνικά, Μοντέρνα (1453-)
Modifying agency MC Athens Campus Library
Κανόνες περιγραφικής καταλογογράφησης AACR2
245 1# - ΤΙΤΛΟΣ ΚΑΙ ΔΗΛΩΣΗ ΥΠΕΥΘΥΝΟΤΗΤΑΣ
Τίτλος Το Μέλλον του Ανταγωνισμού / Συν-Δημιουργία Μοναδικής Αξίας με τους Πελάτες
260 ## - PUBLICATION, DISTRIBUTION, ETC.
Name of publisher, distributor, etc. Κλειδάριθμος,
Date of publication, distribution, etc. 2006
300 ## - PHYSICAL DESCRIPTION
Extent 296
520 ## - SUMMARY, ETC.
Summary, etc. Ο Πρώτος Οδηγός για την επισκόπηση των αποκεντρωμένων διεργασιών δημιουργίας αξίας του μέλλοντος. Πρόλογος, Η Συν-Δημιουργία της Αξίας, Δομικά Στοιχεία της Συν-Δημιουργίας, Η Εμπειρία της Συν-Δημιουργίας, Η Καινοτομία της Εμπειρίας, Η Εξατομίκευση της Εμπειρίας, Δίκτυα Εμπειριών, Η Αγορά ως Φόρουμ, Δημιουργία Νέου Στρατηγικού Κεφαλαίου, Ο Μάνατζερ ως Καταναλωτής, Γρήγορη Δημιουργία Γνώσης, Η Στρατηγική ως Διαδικασία Ανακάλυψης, Δημιουργία Νέων Δυνατοτήτων για το Μέλλον, Βοήθήματα και Παραπομπές, Ευρετήριο, Ευρετήριο, Δύο λόγια για τους Συγγραφείς.
700 1# - ΠΡΟΣΘΕΤΗ ΑΝΑΓΡΑΦΗ--ΦΥΣΙΚΟ ΠΡΟΣΩΠΟ
Personal name Prahalad C.K
9 (RLIN) 1016
700 1# - ΠΡΟΣΘΕΤΗ ΑΝΑΓΡΑΦΗ--ΦΥΣΙΚΟ ΠΡΟΣΩΠΟ
Personal name Ramaswamy Venkat
9 (RLIN) 3816
700 1# - ΠΡΟΣΘΕΤΗ ΑΝΑΓΡΑΦΗ--ΦΥΣΙΚΟ ΠΡΟΣΩΠΟ
Personal name Κατσαντώνης Γιάννης
9 (RLIN) 3817
942 ## - ADDED ENTRY ELEMENTS (KOHA)
Koha item type Books
Holdings
Τύπος τεκμηρίου Βιβλιοθήκη Τρέχουσα τοποθεσία Barcode Αριθμός εισαγωγής Ημερομηνία απόκτησης Ταξιθετικό σύμβολο Αριθμός αντιτύπου Κατάσταση απόσυρσης Κατάσταση χαμένου Κατάσταση κατεστραμμένου Μη δανεισμός Σύνολο δανεισμών Ημερομηνία τελευταίας εμφάνισης Η τιμή ισχύει από
Books MC Athens Campus Library MC Athens Campus Library 9780000030283 5911 05/06/2025 658.4 PRA 1           05/06/2025 05/06/2025

MC Athens Campus Library
Πατησίων 94 & Κοδριγκτώνος 13, 104 34
Πελλήνης 8 & Πατησίων 107, 112 51
Τ: +30 210 8899600

MC Thessaloniki Campus Library
Ίωνος Δραγούμη 21, 54625 | Ίωνος Δραγούμη 15, 54625
Τ: +30 2310 287779 – Τ: +30 2314 440300